Co to za samochód? - Statystyki

Ogólne statystyki
  • Ten quiz został rozwiązany 119 razy
  • Średni wynik to 8 z 16
Statystyki odpowiedzi
Obrazkowy Odpowiedź % Poprawnych
Bugatti Veyron
78%
Fiat 126p
78%
Audi R8
77%
Ford Mustang
71%
Bmw e30
68%
Seat Ibiza
59%
Mazda Miata
56%
Volkswagen Golf
54%
Lamborghini Aventador
53%
Dodge Charger
49%
Tesla Model X
48%
Jeep Wrangler
45%
Nissan Skyline
45%
Toyota Rav4
41%
Ferrari 458 Italia
23%
Chrysler Escalade
0%
Nie znaleziono quizów pasujących do podanych kryteriów
Rozkład punktacji
Procent ludzi z każdym wynikiem
Percentyl według liczby udzielonych odpowiedzi
Twoja historia wyników
Nie rozwiązałeś tego quizu